书目信息 |
| 题名: |
人, 诗意地安居
|
|
| 作者: | 海德格尔 著 ;郜元宝 译 | |
| 分册: | ||
| 出版信息: | 桂林 广西师范大学出版社 2002 |
|
| 页数: | 160页 | |
| 开本: | 21cm | |
| 丛书名: | 雅典娜思想译丛 | |
| 单 册: | ||
| 中图分类: | B516.64 | |
| 科图分类: | ||
| 主题词: | ||
| 电子资源: | ||
| ISBN: | 7-5633-3073-9 | |
| 000 | 01030oam2 2200277 450 | |
| 001 | 2634951364 | |
| 005 | 20260414094309.93 | |
| 010 | @a7-5633-3073-9@dCNY16.00 | |
| 100 | @a20040601d2002 em y0chiy0110 ea | |
| 101 | 1 | @achi@cger |
| 102 | @aCN@b450000 | |
| 105 | @ay z 000yy | |
| 200 | 1 | @a人, 诗意地安居@9ren , shi yi di an ju@e海德格尔语要@f(德)海德格尔著@g郜元宝译 |
| 205 | @a第2版 | |
| 210 | @a桂林@c广西师范大学出版社@d2002 | |
| 215 | @a160页@d21cm | |
| 225 | 2 | @a雅典娜思想译丛@9ya dian na si xiang yi cong@h第一辑@v2 |
| 330 | @a本书从海德格尔基本著作中精选160余条语段, 分为“存在的真理”、“思想的任务”、“语言是存在的家”、“人, 诗意地安居”、“技术和人的命运”五部分。 | |
| 461 | 0 | @12001 @a雅典娜思想译丛 |
| 517 | 1 | @a海德格尔语要@9hai de ge er yu yao |
| 600 | 1 | @a海德格尔@9hai de ge er@c(Heidegger, Mardin@f(1889@x1976)@x语录 |
| 690 | @aB516.64@v4 | |
| 701 | 1 | @a海德格尔@9hai de ge er@4著 |
| 702 | 0 | @a郜元宝@9gao yuan bao@4译 |
| 801 | 0 | @aCN@b91MARC@c20101222 |
| 905 | @a10447@dB516.64@e255 | |
| 人, 诗意地安居:海德格尔语要/(德)海德格尔著/郜元宝译.-第2版.-桂林:广西师范大学出版社,2002 |
| 160页;21cm.-(雅典娜思想译丛.第一辑;2) |
| ISBN 7-5633-3073-9:CNY16.00 |
| 本书从海德格尔基本著作中精选160余条语段, 分为“存在的真理”、“思想的任务”、“语言是存在的家”、“人, 诗意地安居”、“技术和人的命运”五部分。 |
| ● |
| 相关链接 |
|
|
|
|
正题名:人, 诗意地安居
索取号:B516.64/255
 
预约/预借
| 序号 | 登录号 | 条形码 | 馆藏地/架位号 | 状态 | 备注 |
| 1 | 1442611 | 214426110 | 第一样本阅览室/ [索取号:B516.64/255] | 在馆 |